00688cam a22002294a 450000100090000000300040000900500170001300800410003001000170007102000280008804000180011604200080013405000210014208200130016310000230017624500640019924600400026326000360030330000470033950400510038665000210043712610671OSt20230606120210.0011206s2003 ohua b 001 0 eng  a 2001057724 a0324016603 (alk. paper) aDLCcDLCdDLC apcc00aHJ141b.U43 200300a336bULB1 aUlbrich, Holley H.10aPublic finance in theory and practice /cHolley H. Ulbrich.34aPublic finance in theory & practice aMason, Ohio :bThomson,cc2003. axvii, 445 p. :bill. (some col.) ;c24 cm. aIncludes bibliographical references and index. 0aFinance, Public.